Однопараметрические семейства кривых высших порядков; Молодежь и современные информационные технологии; Т. 2

Manylion Llyfryddiaeth
Parent link:Молодежь и современные информационные технологии: сборник трудов XIV Международной научно-практической конференции студентов, аспирантов и молодых ученых, г. Томск, 7-11 ноября 2016 г./ Национальный исследовательский Томский политехнический университет (ТПУ), Институт кибернетики (ИК) ; под ред. В. С. Аврамчук [и др.].— , 2016
Т. 2.— 2016.— [С. 135-136]
Prif Awdur: Чиркова E. M.
Awdur Corfforaethol: Национальный исследовательский Томский политехнический университет (ТПУ) Институт кибернетики (ИК) Кафедра инженерной графики и промышленного дизайна (ИГПД)
Awduron Eraill: Простакишина E. А., Винокурова Г. Ф. Галина Федоровна
Crynodeb:Заглавие с титульного экрана
Iaith:Rwseg
Cyhoeddwyd: 2016
Cyfres:Компьютерная графика и дизайн
Pynciau:
Mynediad Ar-lein:http://earchive.tpu.ru/handle/11683/37158
Fformat: Electronig Pennod Llyfr
KOHA link:https://koha.lib.tpu.ru/cgi-bin/koha/opac-detail.pl?biblionumber=622280

MARC

LEADER 00000naa2a2200000 4500
001 622280
005 20231101133213.0
035 |a (RuTPU)RU\TPU\conf\20959 
035 |a RU\TPU\conf\20958 
090 |a 622280 
100 |a 20170213d2016 k y0rusy50 ca 
101 0 |a rus 
102 |a RU 
105 |a y z 101zy 
135 |a drgn ---uucaa 
181 0 |a i  
182 0 |a b 
200 1 |a Однопараметрические семейства кривых высших порядков  |f E. M. Чиркова, E. А. Простакишина, Г. Ф. Винокурова 
203 |a Текст  |c электронный 
225 1 |a Компьютерная графика и дизайн 
230 |a 1 компьютерный файл (pdf; 673 Kb) 
300 |a Заглавие с титульного экрана 
320 |a [Библиогр.: с. 136 (5 назв.)] 
461 1 |0 (RuTPU)RU\TPU\conf\20573  |t Молодежь и современные информационные технологии  |o сборник трудов XIV Международной научно-практической конференции студентов, аспирантов и молодых ученых, г. Томск, 7-11 ноября 2016 г.  |o в 2 т.  |f Национальный исследовательский Томский политехнический университет (ТПУ), Институт кибернетики (ИК) ; под ред. В. С. Аврамчук [и др.]  |d 2016 
463 0 |0 (RuTPU)RU\TPU\conf\20575  |t Т. 2  |v [С. 135-136]  |d 2016 
610 1 |a электронный ресурс 
610 1 |a труды учёных ТПУ 
610 1 |a однопараметрические семейства 
610 1 |a кривые высших порядков 
610 1 |a кривые второго порядка 
610 1 |a поверхности 
610 1 |a однопараметрические семейства 
700 1 |a Чиркова  |b E. M. 
701 1 |a Простакишина  |b E. А. 
701 1 |a Винокурова  |b Г. Ф.  |c специалист в области начертательной геометрии  |c доцент Томского политехнического университета, кандидат технических наук  |f 1952-  |g Галина Федоровна  |2 stltpush  |3 (RuTPU)RU\TPU\pers\27776 
712 0 2 |a Национальный исследовательский Томский политехнический университет (ТПУ)  |b Институт кибернетики (ИК)  |b Кафедра инженерной графики и промышленного дизайна (ИГПД)  |h 7273  |2 stltpush  |3 (RuTPU)RU\TPU\col\18737 
801 2 |a RU  |b 63413507  |c 20170217  |g RCR 
856 4 |u http://earchive.tpu.ru/handle/11683/37158 
942 |c BK